000
00310nam a2200157Ia 4500
100
_a
Stellman/Andrew
650
_a
C#
942
_c
BK
366
_f
25
245
_a
Head first C#
260
_b
O reilly
_c
2010
082
_a
005.133C#
_b
STE
300
_a
797
546
_a
ENGLISH
_c
Computers
999
_c
29910
_d
29910